00507nam a2200169Ia 450000500170000000800410001702000150005808200130007324500380008626000250012430000120014950000360016170000220019794200060021995200970022599900150032220250623021900.0240331s9999 xx 000 0 und d a9559559109 bDHOa323 0aDhonkaraya :byudhabimen upankavi bSeetha Ranjanic1993 a72 p ., aPoems both from the battlefield aRanjani, S. eedt cL 001040708LaWERCLbWERCLcSSCd2024-03-31l0o 323.4 DHOp2008r2024-03-31w2024-03-31yL c2472d2472